000 00399nam a2200133Ia 4500
005 20260328104304.0
008 260328s9999||||xx |||||||||||||| ||und||
100 _aSociedad Colombiana de Arquitectos
245 0 _aConcursos de Arquitectura de Colombia /
_cSociedad Colombiana de Arquitectos
260 _bSociedad Colombiana de Arquitectos
300 _a485 p.
650 _aCOLOMBIA
942 _cBK
999 _c10705
_d10705